00210nam a2200085Ia 4500008004100000100001600041245004300057260001500100300000900115190216s9999||||xx |||||||||||||| ||und|| aSaksena S C 0aText Book Of Commercial Correspondence bNullc1970 a272p